[Event "Marianske Lazne IM-B2 22nd"]
[Site "Marianske Lazne"]
[Date "2024.01.17"]
[Round "6"]
[White "Wang, Yukun"]
[Black "Pisk, Petr"]
[Result "0-1"]
[WhiteElo "2117"]
[BlackElo "2295"]
[PlyCount "122"]
[EventDate "2024.01.13"]
[EventType "tourn"]
[EventRounds "9"]
[EventCountry "CZE"]
[EventCategory "1"]
[SourceTitle "CB04_2024"]
[SourceDate "2023.10.16"]
[SourceVersion "1"]
[SourceVersionDate "2023.10.16"]
[SourceQuality "1"]

1. e4 e5 2. Nf3 Nc6 3. Bb5 d6 4. c3 Bd7 5. 0-0 Nge7 6. Re1 Ng6 7. d4 Be7 8. Nbd2 0-0 9. h3 Nxd4 10. Nxd4 exd4 11. Bxd7 dxc3 12. Ba4 cxd2 13. Qxd2 c6 14. g3 Qd7 15. Kg2 Rad8 16. f4 d5 17. e5 f5 18. b4 Rfe8 19. Bb2 Nf8 20. Bc2 d4 21. Bb3+ Kh8 22. a3 Ne6 23. Qd3 g6 24. Rad1 b5 25. Qf3 c5 26. bxc5 Bxc5 27. Rd3 a5 28. Red1 a4 29. Ba2 Qa7 30. h4 h5 31. Bd5 Qb6 32. Rc1 Rc8 33. Bxe6 Qxe6 34. Bxd4 Bf8 35. Rdc3 Rxc3 36. Rxc3 Rd8 37. Rc6 Qd5 38. Qxd5 Rxd5 39. Bc3 Rc5 40. e6+ Kg8 41. e7 Bxe7 42. Rxg6+ Kf7 43. Rg7+ Kf8 44. Ba1 Rc2+ 45. Kh3 Bxa3 46. Rg5 Bb2 47. Rxf5+ Kg7 48. Rxb5 Bxa1 49. Ra5 Rc4 50. Rxh5 Bc3 51. Rg5+ Kf7 52. Rf5+ Ke7 53. Rh5 Kd6 54. Rh6+ Kc5 55. Ra6 Kb5 56. Ra8 Rc6 57. h5 Ra6 58. Rb8+ Kc4 59. Rb1 a3 60. g4 a2 61. Rc1 Rb6 0-1

[Event "Prague op 22nd"]
[Site "Prague"]
[Date "2024.01.12"]
[Round "9"]
[White "Poetsch, Hagen"]
[Black "Wang, Yukun"]
[Result "1/2-1/2"]
[WhiteElo "2471"]
[BlackElo "2117"]
[PlyCount "64"]
[EventDate "2024.01.05"]
[EventType "swiss"]
[EventRounds "9"]
[EventCountry "CZE"]
[SourceTitle "CB03_2024"]
[SourceDate "2024.01.17"]
[SourceVersion "1"]
[SourceVersionDate "2024.01.17"]
[SourceQuality "1"]

1. e4 c5 2. Nf3 e6 3. d4 cxd4 4. Nxd4 a6 5. Bd3 Qc7 6. 0-0 Nf6 7. Qe2 d6 8. c4 Be7 9. Nc3 Nc6 10. Nxc6 bxc6 11. f4 Nd7 12. Be3 c5 13. Rae1 0-0 14. Rf3 g6 15. Rh3 Bf6 16. Nd1 Bg7 17. Bd2 Bb7 18. Bc3 Rae8 19. Bxg7 Kxg7 20. Qd2 f5 21. Qc3+ Nf6 22. Nf2 fxe4 23. Nxe4 Bxe4 24. Rxe4 e5 25. Ree3 exf4 26. Ref3 d5 27. cxd5 Re5 28. b4 Nxd5 29. Qxc5 Qxc5+ 30. bxc5 Nb4 31. a3 Nxd3 32. Rxd3 Rf7 1/2-1/2

[Event "FIDE World Uni Team Rapid"]
[Site "chess24.com INT"]
[Date "2021.03.28"]
[Round "1"]
[White "Repka, Christopher"]
[Black "Wang, Yukun"]
[Result "0-1"]
[WhiteElo "2491"]
[BlackElo "2117"]
[PlyCount "78"]
[EventDate "2021.03.28"]
[EventType "team-k.o. (rapid)"]
[EventRounds "4"]
[EventCountry "NET"]
[SourceTitle "CBM 201 Extra"]
[Source "ChessBase"]
[SourceDate "2021.05.31"]
[SourceVersion "1"]
[SourceVersionDate "2021.05.31"]
[SourceQuality "1"]
[WhiteTeam "Missouri Univ"]
[BlackTeam "Shanghai Univ of Finance and Economy"]
[WhiteTeamCountry "USA"]
[BlackTeamCountry "CHN"]

1. Nf3 d5 2. g3 Nf6 3. Bg2 c6 4. 0-0 Bf5 5. d4 e6 6. Nh4 Be4 7. f3 Bg6 8. e4 Be7 9. c3 Nbd7 10. e5 Ng8 11. Nxg6 hxg6 12. Nd2 Qb6 13. f4 Nh6 14. a4 a5 15. g4 c5 16. Nb3 Nxg4 17. Nxc5 Nxc5 18. Qxg4 Nb3 19. Rb1 Qc6 20. Be3 Qxa4 21. Qd1 Qb5 22. Rf2 a4 23. Rc2 Na5 24. Ra1 Nc4 25. Bc1 Kd7 26. Rf2 Qb3 27. Qd3 b5 28. Bf3 Nb6 29. Be2 Qc4 30. Qc2 Qc6 31. Rb1 b4 32. Bd3 b3 33. Qe2 Nc4 34. Ra1 Rhb8 35. Rg2 a3 36. Bxc4 axb2 37. Bxd5 bxa1Q 38. Bxc6+ Kxc6 39. d5+ exd5 0-1

[Event "FIDE World Uni Rapid-B 1st"]
[Site "Tornelo INT"]
[Date "2021.03.21"]
[Round "11"]
[White "Vojinovic, Luka"]
[Black "Wang, Yukun"]
[Result "0-1"]
[WhiteElo "2265"]
[BlackElo "2117"]
[PlyCount "86"]
[EventDate "2021.03.20"]
[EventType "swiss (rapid)"]
[EventRounds "12"]
[EventCountry "NET"]
[SourceTitle "CBM 201 Extra"]
[Source "ChessBase"]
[SourceDate "2021.05.31"]
[SourceVersion "1"]
[SourceVersionDate "2021.05.31"]
[SourceQuality "1"]

1. d4 Nf6 2. c4 e6 3. Nc3 Bb4 4. f3 d5 5. a3 Bxc3+ 6. bxc3 c5 7. cxd5 Nxd5 8. dxc5 f5 9. Qc2 f4 10. c4 Qh4+ 11. Kd1 Ne3+ 12. Bxe3 fxe3 13. Qc3 0-0 14. g3 Qg5 15. Ke1 e5 16. Rd1 Nc6 17. Bh3 Bxh3 18. Nxh3 Qh6 19. Ng1 Rad8 20. Rd5 Qe6 21. Qxe3 Rxd5 22. cxd5 Qxd5 23. Kf2 e4 24. Nh3 exf3 25. exf3 Ne5 26. Nf4 Ng4+ 27. fxg4 Qxh1 28. Qe6+ Kh8 29. h4 Qa1 30. Qe3 Qb2+ 31. Kf3 Rc8 32. g5 Qb5 33. Kg4 Qxc5 34. Qe4 Qc6 35. Qf5 Qc2 36. Qd7 Qc7 37. Qf5 g6 38. Qe6 Rg8 39. h5 Qc8 40. Qxc8 gxh5+ 41. Kxh5 Rxc8 42. Nd5 Rc5 43. Nf6 Kg7 0-1

[Event "FIDE World Uni Rapid-B 1st"]
[Site "Tornelo INT"]
[Date "2021.03.20"]
[Round "6"]
[White "Hernandez Gonzalez, William"]
[Black "Wang, Yukun"]
[Result "0-1"]
[WhiteElo "2481"]
[BlackElo "2117"]
[PlyCount "56"]
[EventDate "2021.03.20"]
[EventType "swiss (rapid)"]
[EventRounds "12"]
[EventCountry "NET"]
[SourceTitle "CBM 201 Extra"]
[Source "ChessBase"]
[SourceDate "2021.05.31"]
[SourceVersion "1"]
[SourceVersionDate "2021.05.31"]
[SourceQuality "1"]

1. e4 c5 2. Nf3 d6 3. d4 cxd4 4. Nxd4 Nf6 5. Nc3 a6 6. Bg5 Nbd7 7. Qe2 Qa5 8. h4 b5 9. Nb3 Qc7 10. 0-0-0 e6 11. a3 Bb7 12. g3 h6 13. Bxf6 Nxf6 14. Bg2 Be7 15. h5 Nd7 16. f4 Bf6 17. Nd4 Rc8 18. e5 dxe5 19. Ndxb5 axb5 20. Nxb5 Qxc2+ 21. Qxc2 Rxc2+ 22. Kxc2 Bxg2 23. Rh2 Bf3 24. Rd6 Ke7 25. Rhd2 Rc8+ 26. Kb1 Be4+ 27. Ka2 Bd5+ 28. b3 e4 0-1

[Event "FIDE World Uni Rapid-B 1st"]
[Site "Tornelo INT"]
[Date "2021.03.20"]
[Round "4"]
[White "Wang, Yukun"]
[Black "Oparin, Grigoriy"]
[Result "0-1"]
[WhiteElo "2117"]
[BlackElo "2652"]
[PlyCount "78"]
[EventDate "2021.03.20"]
[EventType "swiss (rapid)"]
[EventRounds "12"]
[EventCountry "NET"]
[SourceTitle "CBM 201 Extra"]
[Source "ChessBase"]
[SourceDate "2021.05.31"]
[SourceVersion "1"]
[SourceVersionDate "2021.05.31"]
[SourceQuality "1"]

1. e4 d6 2. d4 g6 3. Nc3 Bg7 4. Be3 a6 5. a4 Nc6 6. Nge2 e5 7. Qd2 Nf6 8. d5 Ne7 9. Bh6 Kf8 10. f3 Nfg8 11. Bxg7+ Kxg7 12. h4 f5 13. h5 Nf6 14. exf5 gxf5 15. h6+ Kf7 16. Ng1 f4 17. g4 fxg3 18. Nh3 Bxh3 19. Bxh3 Ng6 20. Qg5 Qe7 21. Qxg3 Ke8 22. Be6 Nf4 23. Qg7 Rf8 24. Rg1 N6h5 25. Qg4 Nf6 26. Qg7 N6h5 27. Qg4 Qf6 28. Qg5 Ke7 29. Ne4 Qxg5 30. Rxg5 Nxe6 31. dxe6 Rg8 32. Kf2 Rxg5 33. Nxg5 Nf4 34. Rg1 Rg8 35. Kf1 Nxe6 36. Nxh7 Rxg1+ 37. Kxg1 Kf7 38. f4 exf4 39. Kf2 Kg6 0-1

[Event "FIDE World Uni Blitz-C 1st"]
[Site "Tornelo INT"]
[Date "2021.03.13"]
[Round "7.15"]
[White "Ganguly, Ritabroto"]
[Black "Wang, Yukun"]
[Result "0-1"]
[WhiteElo "1930"]
[BlackElo "2117"]
[PlyCount "78"]
[EventDate "2021.03.13"]
[EventType "swiss (blitz)"]
[EventRounds "10"]
[EventCountry "NET"]
[SourceTitle "EXT 2022"]
[Source "ChessBase"]
[SourceDate "2021.10.06"]
[SourceVersion "1"]
[SourceVersionDate "2021.10.06"]
[SourceQuality "1"]

1. e4 c5 2. Nf3 d6 3. d4 cxd4 4. Nxd4 Nf6 5. Nc3 a6 6. Bc4 e6 7. Bb3 b5 8. 0-0 Nbd7 9. Bg5 Qc7 10. f3 Bb7 11. Qe2 Nc5 12. Rfd1 Be7 13. Qf2 Ng4 14. Qh4 Ne5 15. Bxe7 Qxe7 16. Qxe7+ Kxe7 17. Kf2 g5 18. Nce2 Rac8 19. c3 Ncd3+ 20. Ke3 Nxb2 21. g3 h5 22. Rf1 g4 23. f4 Nbc4+ 24. Bxc4 Nxc4+ 25. Kd3 Nb2+ 26. Kc2 Na4 27. Kd3 Nc5+ 28. Ke3 Nxe4 29. Rfc1 h4 30. a4 hxg3 31. hxg3 bxa4 32. Rxa4 Rh3 33. Rb1 Ba8 34. Rxa6 Nxg3 35. Ng1 Nf5+ 36. Kd2 Rh2+ 37. Kd3 Nxd4 38. cxd4 f5 39. Rba1 Be4+ 0-1

[Event "FIDE World Uni Blitz-C 1st"]
[Site "Tornelo INT"]
[Date "2021.03.13"]
[Round "5.10"]
[White "Subhayan, Kundu"]
[Black "Wang, Yukun"]
[Result "0-1"]
[WhiteElo "2305"]
[BlackElo "2117"]
[PlyCount "108"]
[EventDate "2021.03.13"]
[EventType "swiss (blitz)"]
[EventRounds "10"]
[EventCountry "NET"]
[SourceTitle "EXT 2022"]
[Source "ChessBase"]
[SourceDate "2021.10.06"]
[SourceVersion "1"]
[SourceVersionDate "2021.10.06"]
[SourceQuality "1"]

1. e4 c5 2. Nf3 d6 3. d4 cxd4 4. Nxd4 Nf6 5. f3 Nc6 6. c4 g6 7. Nc3 Bg7 8. Be3 Bd7 9. Be2 0-0 10. 0-0 Nxd4 11. Bxd4 a5 12. Rc1 Bc6 13. Qd2 Nd7 14. Rfd1 Bxd4+ 15. Qxd4 Qb6 16. b3 Qxd4+ 17. Rxd4 f5 18. exf5 gxf5 19. Kf2 Kf7 20. Rh4 Kg7 21. Re1 Rae8 22. Rd4 Ne5 23. Bf1 Ng6 24. g3 h5 25. Bh3 f4 26. Nd5 e5 27. Rd2 fxg3+ 28. hxg3 h4 29. Bg4 Rf7 30. Bh5 hxg3+ 31. Kxg3 Rf5 32. Bg4 Rg5 33. Ne3 Rf8 34. Rxd6 Rxf3+ 35. Kh2 Rf4 36. Rg1 Rf2+ 37. Kh3 Be4 38. Rd7+ Kh6 39. Rd6 Bf3 40. Rg3 Be4 41. c5 Kg7 42. Rd7+ Kf8 43. Rd6 Nf4+ 44. Kh4 Rg7 45. Rd8+ Ke7 46. Rd7+ Kf8 47. Rxg7 Rh2+ 48. Bh3 Nxh3 49. Rg8+ Kf7 50. R8g7+ Kf6 51. Nd5+ Bxd5 52. R7g6+ Kf5 53. Rxh3 Rxh3+ 54. Kxh3 Kxg6 0-1

[Event "FIDE World Uni Blitz-C 1st"]
[Site "Tornelo INT"]
[Date "2021.03.13"]
[Round "4.14"]
[White "Wang, Yukun"]
[Black "Dolana, Andrei Theodor"]
[Result "1-0"]
[WhiteElo "2117"]
[BlackElo "2359"]
[PlyCount "55"]
[EventDate "2021.03.13"]
[EventType "swiss (blitz)"]
[EventRounds "10"]
[EventCountry "NET"]
[SourceTitle "EXT 2022"]
[Source "ChessBase"]
[SourceDate "2021.10.06"]
[SourceVersion "1"]
[SourceVersionDate "2021.10.06"]
[SourceQuality "1"]

1. e4 c5 2. Nf3 e6 3. d4 cxd4 4. Nxd4 Nc6 5. Nc3 Qc7 6. Be2 Nf6 7. 0-0 Be7 8. Kh1 a6 9. a4 d6 10. f3 0-0 11. Be3 Bd7 12. Qe1 Ne5 13. Rd1 Nc4 14. Bc1 Rac8 15. Qg3 Kh8 16. f4 Qb8 17. b3 Na5 18. e5 Ne8 19. f5 dxe5 20. Nxe6 Bxe6 21. fxe6 fxe6 22. Rxf8+ Bxf8 23. Bg4 Bb4 24. Na2 Be7 25. Bxe6 Rxc2 26. b4 Nc6 27. Bb3 Re2 28. Nc3 1-0

[Event "FIDE World Uni Blitz-C 1st"]
[Site "Tornelo INT"]
[Date "2021.03.13"]
[Round "3.14"]
[White "Yankelevich, Lev"]
[Black "Wang, Yukun"]
[Result "1/2-1/2"]
[WhiteElo "2389"]
[BlackElo "2117"]
[PlyCount "94"]
[EventDate "2021.03.13"]
[EventType "swiss (blitz)"]
[EventRounds "10"]
[EventCountry "NET"]
[SourceTitle "EXT 2022"]
[Source "ChessBase"]
[SourceDate "2021.10.06"]
[SourceVersion "1"]
[SourceVersionDate "2021.10.06"]
[SourceQuality "1"]

1. d4 Nf6 2. c4 c6 3. Nc3 d5 4. cxd5 cxd5 5. Bf4 Nc6 6. e3 e6 7. Nf3 Bd6 8. Bg5 0-0 9. Bd3 Be7 10. 0-0 Bd7 11. Ne5 Be8 12. f4 Nxe5 13. fxe5 Nd7 14. Bf4 f5 15. exf6 Nxf6 16. Qc2 Rc8 17. Be5 g6 18. Rf3 Ng4 19. Rxf8+ Bxf8 20. Bf4 Bd6 21. h3 Bxf4 22. exf4 Nf6 23. Qe2 Qd6 24. Qe5 Qxe5 25. fxe5 Nh5 26. Rf1 g5 27. Ne2 Bg6 28. Bxg6 hxg6 29. g4 Ng7 30. Nc3 Rc4 31. Rd1 Ne8 32. Kf2 Nc7 33. Ke3 b5 34. a3 a5 35. Rc1 Kf7 36. Ne2 Ke7 37. b3 Rxc1 38. Nxc1 a4 39. b4 Kf7 40. Nd3 Kg7 41. Nc5 Kf7 42. Kd3 Ke7 43. Kc3 Na8 44. Na6 Kd7 45. Nc5+ Ke7 46. Na6 Kd7 47. Nc5+ Ke7 1/2-1/2

[Event "Prague op-A 19th"]
[Site "Prague"]
[Date "2020.01.13"]
[Round "5"]
[White "Ludvik, Tomas"]
[Black "Wang, Yukun"]
[Result "0-1"]
[WhiteElo "2272"]
[BlackElo "1990"]
[PlyCount "146"]
[EventDate "2020.01.10"]
[EventType "swiss"]
[EventRounds "9"]
[EventCountry "CZE"]
[SourceTitle "CBM 194 Extra"]
[Source "ChessBase"]
[SourceDate "2020.03.31"]
[SourceVersion "1"]
[SourceVersionDate "2020.03.31"]
[SourceQuality "1"]

1. d4 d5 2. c4 c6 3. Nf3 Nf6 4. Nc3 e6 5. e3 Nbd7 6. Qc2 Bd6 7. Bd3 dxc4 8. Bxc4 0-0 9. 0-0 Qe7 10. Rd1 e5 11. h3 e4 12. Ng5 Nb6 13. Bb3 Bf5 14. f3 Rae8 15. Ngxe4 Nxe4 16. fxe4 Bxe4 17. Nxe4 Qxe4 18. Qxe4 Rxe4 19. Bc2 Re6 20. e4 Rd8 21. e5 Be7 22. Be3 g6 23. Bb3 Nd5 24. Bf2 f6 25. Re1 Bb4 26. Re4 Rd7 27. Rd1 Ba5 28. Bh4 f5 29. Re2 Bb6 30. Kh1 Kg7 31. Bf6+ Kf7 32. Bg5 Bd8 33. Bxd8 Rxd8 34. Rf1 Kg7 35. Ref2 Re7 36. g4 fxg4 37. hxg4 Rdd7 38. Rf3 g5 39. Rf5 h6 40. R1f3 Nf4 41. Re3 Rxd4 42. e6 Ng6 43. Rf7+ Rxf7 44. exf7 Rxg4 45. a3 a5 46. Re8 Nf8 47. Rb8 b5 48. Rb6 Re4 49. Rxc6 Re2 50. Rb6 a4 51. Bd5 Rxb2 52. Bc4 Rc2 53. Bxb5 Rb2 54. Rb7 Nd7 55. Kg1 Ne5 56. Kf1 h5 57. Bc6 Rxb7 58. Bxb7 Kxf7 59. Ba6 Nd7 60. Bb5 Nc5 61. Kg2 Kg6 62. Be8+ Kh6 63. Kf3 g4+ 64. Kf4 Nd3+ 65. Kg3 Kg5 66. Bxa4 h4+ 67. Kh2 Kf4 68. Bc6 Ne5 69. Bg2 Nf3+ 70. Kh1 h3 71. Bf1 Nd2 72. Bb5 g3 73. Bd7 g2+ 0-1

[Event "Belt and Road Hunan op-C"]
[Site "Changsha"]
[Date "2019.08.02"]
[Round "9"]
[White "Hong, Yilin"]
[Black "Wang, Yukun"]
[Result "0-1"]
[WhiteElo "1783"]
[BlackElo "1985"]
[PlyCount "90"]
[EventDate "2019.07.29"]
[EventType "swiss"]
[EventRounds "9"]
[EventCountry "CHN"]
[SourceTitle "EXT 2020"]
[Source "ChessBase"]
[SourceDate "2019.10.17"]
[SourceVersion "1"]
[SourceVersionDate "2019.10.17"]
[SourceQuality "1"]

1. e4 c5 2. Nf3 d6 3. d4 cxd4 4. Nxd4 Nf6 5. Nc3 a6 6. Be2 e6 7. Be3 Qc7 8. a4 Be7 9. 0-0 0-0 10. f4 Nc6 11. Bf3 Na5 12. Kh1 Bd7 13. Qe1 Nc4 14. Bc1 Qb6 15. Qf2 Qc7 16. b3 Na5 17. Bb2 Rfe8 18. g4 Bc6 19. g5 Nd7 20. Qe2 Qb6 21. Rad1 Rad8 22. Ba3 Qc7 23. Nb1 g6 24. Qg2 Bf8 25. Bb2 b5 26. axb5 axb5 27. Nxc6 Nxc6 28. Nc3 Rb8 29. Ne2 Ra8 30. e5 d5 31. c4 bxc4 32. bxc4 Nb6 33. cxd5 exd5 34. Nc3 Nb4 35. Nxd5 N6xd5 36. Bxd5 Nxd5 37. Rxd5 Ra2 38. Rd2 Qc4 39. Bc3 Rea8 40. Bb2 Rb8 41. Re2 Bc5 42. Rc2 Rbxb2 43. Qa8+ Rxa8 44. Rxc4 Raa2 45. Rxc5 Rxh2+ 0-1

[Event "Longtou Cup-B 2nd"]
[Site "Qinhuangdao"]
[Date "2019.04.24"]
[Round "8"]
[White "Zhou, Dongguang"]
[Black "Wang, Yukun"]
[Result "0-1"]
[WhiteElo "1628"]
[BlackElo "1978"]
[PlyCount "54"]
[EventDate "2019.04.16"]
[EventType "swiss"]
[EventRounds "9"]
[EventCountry "CHN"]
[SourceTitle "EXT 2020"]
[Source "ChessBase"]
[SourceDate "2019.10.17"]
[SourceVersion "1"]
[SourceVersionDate "2019.10.17"]
[SourceQuality "1"]

1. f4 c5 2. Nf3 Nc6 3. g3 d5 4. b3 g6 5. Bb2 Nf6 6. Bg2 Bg7 7. 0-0 0-0 8. e3 d4 9. exd4 cxd4 10. d3 Ng4 11. Re1 Ne3 12. Qe2 Bg4 13. h3 Be6 14. a3 Rc8 15. Bc1 Nxg2 16. Qxg2 Qd7 17. Kh2 Bd5 18. Nbd2 e5 19. Ne4 f5 20. Nf2 Rfe8 21. Nh1 e4 22. dxe4 fxe4 23. Ng5 e3 24. Qe2 Bxh1 25. Rxh1 d3 26. cxd3 Bxa1 27. Bxe3 Nd4 0-1

[Event "Longtou Cup-B 2nd"]
[Site "Qinhuangdao"]
[Date "2019.04.19"]
[Round "4"]
[White "Guo, Weibao"]
[Black "Wang, Yukun"]
[Result "1/2-1/2"]
[WhiteElo "1895"]
[BlackElo "1978"]
[PlyCount "40"]
[EventDate "2019.04.16"]
[EventType "swiss"]
[EventRounds "9"]
[EventCountry "CHN"]
[SourceTitle "EXT 2020"]
[Source "ChessBase"]
[SourceDate "2019.10.17"]
[SourceVersion "1"]
[SourceVersionDate "2019.10.17"]
[SourceQuality "1"]

1. d4 Nf6 2. c4 e6 3. Nf3 b6 4. a3 Bb7 5. Nc3 d5 6. cxd5 Nxd5 7. Bd2 Be7 8. Qc2 Nxc3 9. Bxc3 0-0 10. e3 Nd7 11. Bd3 h6 12. 0-0 c5 13. dxc5 Nxc5 14. Bh7+ Kh8 15. b4 Nd7 16. Rfd1 Bf6 17. Bxf6 Qxf6 18. Be4 Rac8 19. Qb1 Bxe4 20. Qxe4 Rc7 1/2-1/2

[Event "Longtou Cup-B 2nd"]
[Site "Qinhuangdao"]
[Date "2019.04.17"]
[Round "2"]
[White "Batbold, Nyamsuren"]
[Black "Wang, Yukun"]
[Result "0-1"]
[WhiteElo "1809"]
[BlackElo "1978"]
[PlyCount "86"]
[EventDate "2019.04.16"]
[EventType "swiss"]
[EventRounds "9"]
[EventCountry "CHN"]
[SourceTitle "EXT 2020"]
[Source "ChessBase"]
[SourceDate "2019.10.17"]
[SourceVersion "1"]
[SourceVersionDate "2019.10.17"]
[SourceQuality "1"]

1. d4 Nf6 2. Nf3 b5 3. Bg5 Bb7 4. Nbd2 h6 5. Bh4 e6 6. e3 a6 7. Bd3 c5 8. c3 Nc6 9. 0-0 Qb6 10. Bxf6 gxf6 11. Ne4 c4 12. Be2 Be7 13. Qc2 f5 14. Ned2 d5 15. Ne1 b4 16. f4 a5 17. a3 Kd7 18. Bh5 f6 19. Ndf3 Rhb8 20. Rf2 Na7 21. a4 Bc6 22. g4 fxg4 23. Bxg4 Rg8 24. Rg2 f5 25. Ne5+ Kc7 26. Bh5 bxc3 27. bxc3 Rab8 28. Bf7 Rxg2+ 29. Qxg2 Qb3 30. Nxc6 Nxc6 31. Bxe6 Qxc3 32. Nc2 Rb2 33. Rc1 Rxc2 34. Rxc2 Qxe3+ 35. Kf1 Qxe6 36. Re2 Qd6 37. Qf2 Bf6 38. Rd2 c3 39. Rd3 Qb4 40. Qc2 Bxd4 41. Rd1 Qc4+ 42. Kg2 Be3 43. Qxf5 Qe2+ 0-1

[Event "CHN-chB"]
[Site "Qinhuangdao"]
[Date "2017.07.17"]
[Round "4"]
[White "Lan, Zilun"]
[Black "Wang, Yukun"]
[Result "1-0"]
[WhiteElo "2357"]
[BlackElo "1972"]
[PlyCount "37"]
[EventDate "2017.07.16"]
[EventType "swiss"]
[EventRounds "11"]
[EventCountry "CHN"]
[SourceTitle "CBM 179 Extra"]
[Source "ChessBase"]
[SourceDate "2017.08.23"]
[SourceVersion "1"]
[SourceVersionDate "2017.08.23"]
[SourceQuality "1"]

1. d4 Nf6 2. c4 e6 3. Nf3 d5 4. Nc3 c6 5. Bg5 h6 6. Bh4 g5 7. Bg3 dxc4 8. e4 b5 9. Be2 Bb4 10. Qc2 g4 11. Ne5 Qxd4 12. Nxg4 Nxg4 13. Bxg4 Nd7 14. 0-0 Bb7 15. Rad1 Qg7 16. Qd2 0-0-0 17. Qf4 Ba5 18. Bh5 f6 19. Rxd7 1-0

[Event "Asia-ch U12"]
[Site "Hikkaduwa"]
[Date "2012.06.26"]
[Round "2.6"]
[White "Sankalp, Baliarsingh"]
[Black "Wang, Yukun"]
[Result "1-0"]
[WhiteElo "1774"]
[BlackElo "1855"]
[PlyCount "135"]
[EventDate "2012.06.26"]
[EventType "swiss"]
[EventRounds "9"]
[EventCountry "SRI"]
[SourceTitle "EXT 2024"]
[Source "ChessBase"]
[SourceDate "2023.10.10"]
[SourceVersion "1"]
[SourceVersionDate "2023.10.10"]
[SourceQuality "1"]

1. e4 c5 2. Nf3 d6 3. d4 cxd4 4. Nxd4 Nf6 5. Nc3 a6 6. Bc4 e6 7. Bg5 Be7 8. Bb3 Qc7 9. Qf3 Nc6 10. 0-0-0 Bd7 11. Kb1 Na5 12. Qd3 b5 13. f4 Rc8 14. f5 Nc4 15. fxe6 fxe6 16. Qh3 b4 17. Bxf6 Bxf6 18. Nxe6 Na3+ 19. bxa3 Qxc3 20. Qxc3 Rxc3 21. Rxd6 Ke7 22. e5 Rxb3+ 23. axb3 Bxe6 24. Rxe6+ Kxe6 25. exf6 gxf6 26. axb4 Rb8 27. Re1+ Kf5 28. Re7 h5 29. Ra7 Rxb4 30. Rxa6 Rg4 31. Ra5+ Kg6 32. g3 Re4 33. Rd5 h4 34. gxh4 Rxh4 35. Rd2 Kf5 36. c3 Rh8 37. Rf2+ Ke5 38. b4 f5 39. Kc2 Ke4 40. Kb3 f4 41. b5 Ke3 42. Ra2 f3 43. Kb4 f2 44. Ra1 Ke2 45. c4 Rd8 46. b6 Rd1 47. Rxd1 Kxd1 48. b7 f1Q 49. b8Q Qe1+ 50. Ka4 Qe4 51. Qb3+ Kd2 52. Qb4+ Kc2 53. c5 Qa8+ 54. Qa5 Qe8+ 55. Qb5 Qe4+ 56. Ka5 Qe5 57. c6 Qc7+ 58. Ka6 Qxh2 59. Qc4+ Kb2 60. c7 Qd6+ 61. Kb7 Qd7 62. Qc6 Qe7 63. Qb6+ Kc1 64. Qc6+ Kb2 65. Qb5+ Kc1 66. Qc4+ Kb2 67. Qd4+ Ka3 68. Kb8 1-0

[Event "Asia-ch U12"]
[Site "Hikkaduwa"]
[Date "2012.06.26"]
[Round "1.8"]
[White "Wang, Yukun"]
[Black "Ip, Seng Tou"]
[Result "1-0"]
[WhiteElo "1855"]
[BlackElo "1322"]
[PlyCount "67"]
[EventDate "2012.06.26"]
[EventType "swiss"]
[EventRounds "9"]
[EventCountry "SRI"]
[SourceTitle "EXT 2024"]
[Source "ChessBase"]
[SourceDate "2023.10.10"]
[SourceVersion "1"]
[SourceVersionDate "2023.10.10"]
[SourceQuality "1"]

1. e4 e5 2. Nf3 Nc6 3. Bb5 a6 4. Ba4 Nf6 5. d4 Nxd4 6. Nxd4 exd4 7. e5 Bb4+ 8. c3 dxc3 9. bxc3 b5 10. Bc2 Bc5 11. exf6 Qxf6 12. 0-0 0-0 13. Qh5 h6 14. Qxc5 Re8 15. Qf5 Qxf5 16. Bxf5 Re5 17. Bg4 f5 18. Bf3 c6 19. Bf4 Re6 20. h4 d5 21. Nd2 Kf7 22. Nb3 Re8 23. Nc5 Be6 24. a4 bxa4 25. Rxa4 Rab8 26. Bxb8 Rxb8 27. Rxa6 Rc8 28. Rd1 Ke7 29. Nxe6 Kxe6 30. Bxd5+ Ke5 31. Bxc6 Kf4 32. c4 Kg4 33. Rd4+ Kh5 34. Bf3# 1-0